00257nam a22000977a 4500003000400000082001900004100004100023245003800064260004900102300000800151SGT a891.4309bP09H aहांसबाम, एरिक  aपूंजी का युग  bसंवाद प्रकाशन c2009 a413